[Event "OP-2015-0-03644"]
[Site "LSS email"]
[Date "2015.02.10"]
[Round "?"]
[White "Cvak, Rudolf"]
[Black "Mer, Alain"]
[Result "1/2-1/2"]
[WhiteElo "1833"]
[BlackElo "1906"]
[PlyCount "43"]
[EventDate "2015.02.04"]
[EventType "tourn (corr)"]
[EventRounds "4"]
[EventCountry "GER"]
[SourceTitle "Corr 2022"]
[Source "ChessBase"]
[SourceDate "2021.10.24"]
[SourceVersion "1"]
[SourceVersionDate "2021.10.24"]
[SourceQuality "1"]

1. e4 c5 2. Nf3 d6 3. d4 cxd4 4. Nxd4 Nf6 5. Nc3 a6 6. Bg5 e6 7. f4 Qb6 8. Qd2 Qxb2 9. Rb1 Qa3 10. f5 e5 11. Bxf6 gxf6 12. Nb3 Be7 13. Bc4 Nd7 14. 0-0 Rb8 15. Rf3 b5 16. Bd5 Nb6 17. Bc6+ Bd7 18. Bxd7+ Nxd7 19. Nd5 Nb6 20. Nxb6 Rxb6 21. Rc3 Rb8 22. Kh1 1/2-1/2

[Event "OP-2015-0-03606"]
[Site "LSS email"]
[Date "2015.01.02"]
[Round "?"]
[White "Sahin, Yavuz"]
[Black "Mer, Alain"]
[Result "0-1"]
[WhiteElo "800"]
[BlackElo "1893"]
[PlyCount "58"]
[EventDate "2014.12.28"]
[EventType "tourn (corr)"]
[EventRounds "4"]
[EventCountry "GER"]
[SourceTitle "Corr 2022"]
[Source "ChessBase"]
[SourceDate "2021.10.24"]
[SourceVersion "1"]
[SourceVersionDate "2021.10.24"]
[SourceQuality "1"]

1. f4 Nf6 2. Nf3 g6 3. g3 Bg7 4. Bg2 0-0 5. 0-0 d5 6. d3 Qd6 7. Nc3 Nc6 8. e4 dxe4 9. dxe4 Qc5+ 10. Kh1 e5 11. fxe5 Nxe5 12. Nxe5 Qxe5 13. Bf4 Qa5 14. Qe1 c6 15. Rd1 Bg4 16. Bf3 Qh5 17. Qe2 Rfe8 18. Bxg4 Nxg4 19. h4 Bxc3 20. bxc3 Qf5 21. Rd4 Qe6 22. Kg1 h5 23. a4 Rad8 24. a5 c5 25. Rxd8 Rxd8 26. e5 c4 27. Qe4 Rd5 28. Ra1 Qc6 29. a6 Qb6+ 0-1

[Event "OP-2014-0-03586"]
[Site "LSS email"]
[Date "2014.12.16"]
[Round "?"]
[White "Nilsson, Bjoern"]
[Black "Mer, Alain"]
[Result "0-1"]
[WhiteElo "443"]
[BlackElo "1838"]
[PlyCount "74"]
[EventDate "2014.12.10"]
[EventType "tourn (corr)"]
[EventRounds "4"]
[EventCountry "GER"]
[SourceTitle "Corr 2015"]
[Source "ChessBase"]
[SourceDate "2015.07.17"]
[SourceVersion "1"]
[SourceVersionDate "2015.07.17"]
[SourceQuality "1"]

1. Nf3 Nf6 2. e3 g6 3. Be2 Bg7 4. 0-0 d5 5. d4 0-0 6. Nc3 c6 7. h3 Re8 8. b3 Nbd7 9. g3 e5 10. Nh2 c5 11. dxc5 Nxc5 12. b4 Nce4 13. Nxe4 Nxe4 14. f3 Nc3 15. Qe1 e4 16. f4 Nxe2+ 17. Qxe2 Bxa1 18. Bd2 Bg7 19. g4 Qc7 20. c3 a5 21. b5 Qc4 22. Re1 Qxa2 23. Nf1 a4 24. Rc1 a3 25. Qd1 Qc4 26. Ng3 a2 27. Ra1 Bxc3 28. Bxc3 Qxc3 29. Ne2 Qxe3+ 30. Kf1 Qxh3+ 31. Ke1 e3 32. Qc2 Qh1+ 33. Ng1 Qxg1+ 34. Ke2 Qf2+ 35. Kd3 Ra3+ 36. Kd4 Qxc2 37. Kxd5 Rd3# 0-1

[Event "OP-2014-0-03506"]
[Site "LSS email"]
[Date "2014.09.23"]
[Round "?"]
[White "Mer, Alain"]
[Black "Pauk, Jozef"]
[Result "1-0"]
[WhiteElo "1831"]
[BlackElo "754"]
[PlyCount "55"]
[EventDate "2014.09.18"]
[EventType "tourn (corr)"]
[EventRounds "4"]
[EventCountry "GER"]
[SourceTitle "Corr 2015"]
[Source "ChessBase"]
[SourceDate "2015.07.17"]
[SourceVersion "1"]
[SourceVersionDate "2015.07.17"]
[SourceQuality "1"]

1. e4 e5 2. Nf3 d6 3. d4 Bg4 4. dxe5 Bxf3 5. Qxf3 dxe5 6. Qb3 b6 7. Nc3 Bd6 8. Bc4 Qd7 9. Bg5 h6 10. Bh4 g5 11. Bg3 Nc6 12. Bb5 Nge7 13. 0-0-0 a6 14. Bxc6 Qxc6 15. h4 g4 16. h5 a5 17. a4 Bb4 18. Bxe5 0-0 19. Rh4 Kh7 20. Rxg4 f6 21. Bd4 Rad8 22. Nd5 Nxd5 23. exd5 Rxd5 24. Qd3+ Kh8 25. Qg6 Rg5 26. Rxg5 hxg5 27. h6 Qd7 28. Bxf6+ 1-0

[Event "OP-2014-0-03468"]
[Site "LSS email"]
[Date "2014.08.14"]
[Round "?"]
[White "Szczepanski, Zbigniew"]
[Black "Mer, Alain"]
[Result "1-0"]
[WhiteElo "2479"]
[BlackElo "1831"]
[PlyCount "49"]
[EventDate "2014.08.10"]
[EventType "tourn (corr)"]
[EventRounds "4"]
[EventCountry "GER"]
[SourceTitle "Corr 2015"]
[Source "ChessBase"]
[SourceDate "2015.07.17"]
[SourceVersion "1"]
[SourceVersionDate "2015.07.17"]
[SourceQuality "1"]

1. e4 c5 2. Nf3 d6 3. Nc3 Nc6 4. d4 cxd4 5. Nxd4 Nf6 6. Bg5 e6 7. Qd2 a6 8. 0-0-0 Bd7 9. f3 Be7 10. Be3 b5 11. g4 h6 12. Bd3 Ne5 13. h4 Qc7 14. g5 b4 15. Nce2 Nxd3+ 16. Qxd3 Nh5 17. Kb1 Qb7 18. c4 Rb8 19. b3 e5 20. Nf5 Bxf5 21. exf5 hxg5 22. hxg5 Qxf3 23. Rh2 Rd8 24. Rdh1 g6 25. fxg6 1-0

[Event "OP-2014-0-03437"]
[Site "LSS email"]
[Date "2014.07.13"]
[Round "?"]
[White "Correa de Almeida, Claudio"]
[Black "Mer, Alain"]
[Result "0-1"]
[WhiteElo "1464"]
[BlackElo "1831"]
[PlyCount "84"]
[EventDate "2014.07.08"]
[EventType "tourn (corr)"]
[EventRounds "4"]
[EventCountry "GER"]
[SourceTitle "Corr 2015"]
[Source "ChessBase"]
[SourceDate "2015.07.17"]
[SourceVersion "1"]
[SourceVersionDate "2015.07.17"]
[SourceQuality "1"]

1. d4 Nf6 2. Bg5 Ne4 3. h4 c5 4. d5 Qb6 5. Nd2 Nxg5 6. hxg5 Qxb2 7. g6 Qf6 8. gxh7 Qg6 9. e4 Rxh7 10. Rxh7 Qxh7 11. Qg4 Qh6 12. Rb1 b6 13. Ngf3 Na6 14. Qg3 g6 15. c3 Bb7 16. e5 Bg7 17. Bd3 0-0-0 18. Ng5 Rf8 19. Ngf3 Nc7 20. c4 e6 21. d6 Na6 22. a3 Nb8 23. Ne4 Qh8 24. Nc3 Nc6 25. Nb5 Nxe5 26. Nxe5 Bxe5 27. f4 Bc3+ 28. Kd1 Kb8 29. Kc2 Ba5 30. Bf1 Qf6 31. Rd1 Rh8 32. Qe3 Rh4 33. Qe5 Qxf4 34. Qxf4 Rxf4 35. Kb3 g5 36. a4 g4 37. Nc3 Rf2 38. Nb5 g3 39. Nc7 Bxg2 40. Bxg2 Rxg2 41. Ne8 Rf2 42. Rg1 g2 0-1

[Event "OP-2014-0-03437"]
[Site "LSS email"]
[Date "2014.07.13"]
[Round "?"]
[White "Kulakiewicz, Mariusz"]
[Black "Mer, Alain"]
[Result "0-1"]
[WhiteElo "1912"]
[BlackElo "1831"]
[PlyCount "122"]
[EventDate "2014.07.08"]
[EventType "tourn (corr)"]
[EventRounds "4"]
[EventCountry "GER"]
[SourceTitle "Corr 2015"]
[Source "ChessBase"]
[SourceDate "2015.07.17"]
[SourceVersion "1"]
[SourceVersionDate "2015.07.17"]
[SourceQuality "1"]

1. d4 Nf6 2. c4 e6 3. Nc3 Bb4 4. Qc2 0-0 5. Nf3 c5 6. dxc5 Na6 7. g3 Nxc5 8. Bg2 Nce4 9. 0-0 Nxc3 10. bxc3 Be7 11. Rd1 Qc7 12. Qd3 Rd8 13. Rb1 d6 14. Ba3 Rb8 15. Nd4 a6 16. e4 Ng4 17. Bf1 Ne5 18. Qe2 Nd7 19. f4 Nc5 20. e5 dxe5 21. Qxe5 Bd6 22. Qe3 b6 23. Nb3 Bb7 24. Bxc5 bxc5 25. Bg2 Bxg2 26. Kxg2 h6 27. Rb2 a5 28. Rbd2 Be7 29. Qe4 Rxd2+ 30. Rxd2 a4 31. Nc1 Bf6 32. Rc2 Qa5 33. Nd3 a3 34. Qe2 Bxc3 35. Nxc5 Qxc5 36. Rxc3 Rb2 37. Rc2 Qd4 38. h4 h5 39. Kh2 Kf8 40. c5 Rxc2 41. Qxc2 Qb2 42. Qg2 Ke8 43. Kg1 Qxg2+ 44. Kxg2 Kd7 45. Kf3 Kc6 46. g4 hxg4+ 47. Kxg4 Kxc5 48. h5 Kd4 49. Kg5 Kc3 50. h6 gxh6+ 51. Kxh6 Kb2 52. Kg7 Kxa2 53. Kxf7 Kb3 54. Kxe6 a2 55. f5 a1Q 56. f6 Kc4 57. Ke7 Qe5+ 58. Kf7 Kd5 59. Kg6 Ke6 60. f7 Qg3+ 61. Kh6 Kxf7 0-1

[Event "OP-2014-0-03437"]
[Site "LSS email"]
[Date "2014.07.13"]
[Round "?"]
[White "Mer, Alain"]
[Black "Firnhaber, Ingo"]
[Result "1/2-1/2"]
[WhiteElo "1831"]
[BlackElo "2385"]
[PlyCount "114"]
[EventDate "2014.07.08"]
[EventType "tourn (corr)"]
[EventRounds "4"]
[EventCountry "GER"]
[SourceTitle "Corr 2015"]
[Source "ChessBase"]
[SourceDate "2015.07.17"]
[SourceVersion "1"]
[SourceVersionDate "2015.07.17"]
[SourceQuality "1"]

1. e4 e5 2. Nf3 Nc6 3. Bb5 a6 4. Ba4 Nf6 5. 0-0 b5 6. Bb3 Bb7 7. d3 Be7 8. Nc3 0-0 9. h3 d6 10. a4 Na5 11. Ba2 b4 12. Ne2 c5 13. Ng3 Bc8 14. Re1 Rb8 15. Be3 Be6 16. Nd2 Qd7 17. Bc4 Nxc4 18. Nxc4 Ne8 19. Qf3 g6 20. Bh6 Ng7 21. a5 Bd8 22. Rad1 f6 23. Nf1 f5 24. Qe2 f4 25. Nh2 Re8 26. Nf3 Qc6 27. Bxg7 Kxg7 28. Rd2 Rb5 29. Ra1 h5 30. Nh2 Rh8 31. Rdd1 g5 32. f3 Kf7 33. Kf1 Bc7 34. b3 Rbb8 35. Ke1 Ke7 36. Qf2 Kd7 37. Kd2 Rbg8 38. Kc1 Kc8 39. Kb2 Kb7 40. Re1 Rg7 41. Rad1 Rhg8 42. Nf1 g4 43. hxg4 hxg4 44. Nfd2 g3 45. Qe2 Rh7 46. Ra1 Rgh8 47. Red1 Rh2 48. Rab1 Bh3 49. Rg1 Bd7 50. Ra1 d5 51. exd5 Qxd5 52. Rae1 Bc6 53. Kb1 Re8 54. Ne4 Re6 55. Qd1 Qd4 56. Re2 Reh6 57. Rf1 Kb8 1/2-1/2

[Event "OP-2014-0-03437"]
[Site "LSS email"]
[Date "2014.07.13"]
[Round "?"]
[White "Mer, Alain"]
[Black "Lenz, Juergen"]
[Result "0-1"]
[WhiteElo "1831"]
[BlackElo "947"]
[PlyCount "130"]
[EventDate "2014.07.08"]
[EventType "tourn (corr)"]
[EventRounds "4"]
[EventCountry "GER"]
[SourceTitle "Corr 2015"]
[Source "ChessBase"]
[SourceDate "2015.07.17"]
[SourceVersion "1"]
[SourceVersionDate "2015.07.17"]
[SourceQuality "1"]

1. e4 Nf6 2. e5 Nd5 3. d4 d6 4. Nf3 Nc6 5. c4 Nb6 6. Nc3 Bg4 7. Be3 g6 8. h3 Bxf3 9. Qxf3 Bg7 10. c5 dxc5 11. dxc5 Nd7 12. 0-0-0 Qc8 13. e6 fxe6 14. Bb5 Nde5 15. Qe4 0-0 16. f4 Nf7 17. g4 Rd8 18. Bc4 Rxd1+ 19. Rxd1 Ncd8 20. f5 exf5 21. Qxe7 c6 22. Qe8+ Bf8 23. Qxf7+ Nxf7 24. Kc2 Qe8 25. Re1 Bg7 26. Bd2 Qd7 27. gxf5 Qxf5+ 28. Bd3 Qxh3 29. Re2 Rd8 30. Re3 Qh2 31. Nb1 Ne5 32. Bf1 Bh6 33. Rxe5 Qxe5 34. Bc4+ Kf8 35. Bxh6+ Ke8 36. a3 Qxc5 37. b3 b5 38. Bd2 bxc4 39. bxc4 Qxc4+ 40. Bc3 Qd3+ 41. Kc1 h5 42. Bb4 h4 43. Bc3 h3 44. Kb2 Rb8+ 45. Bb4 a5 46. Nc3 h2 47. Kb3 h1N 48. Kb2 g5 49. Na2 axb4 50. axb4 g4 51. Kc1 g3 52. Kb2 g2 53. b5 g1N 54. Nc3 Qxc3+ 55. Kxc3 cxb5 56. Kb4 Kd7 57. Ka3 Kc6 58. Kb2 Kc5 59. Kb3 Rd8 60. Kb2 Kb4 61. Ka2 Kc3 62. Ka1 b4 63. Kb1 b3 64. Kc1 Ne2+ 65. Kb1 Rd1# 0-1